[Event "Mistrovstvi Cech 2019 - U14"]
[Site "?"]
[Date "2019.10.27"]
[Round "2.13"]
[White "Zalusky, Matej"]
[Black "Steinbauer, Sebastian"]
[Result "1-0"]
[BlackElo "1450"]
[WhiteElo "1617"]
[LiveChessVersion "1.4.8"]

1. e4 {[%clk 1:30:54]} e5 {[%clk 1:30:52]} 2. Bc4 {[%clk 1:31:16]} Nf6
{[%clk 1:30:38]} 3. d4 {[%clk 1:30:58]} exd4 {[%clk 1:27:17]} 4. Nf3
{[%clk 1:28:02]} Bc5 {[%clk 1:24:54]} 5. O-O {[%clk 1:25:13]} d6 {[%clk 1:23:57]}
6. h3 {[%clk 1:19:32]} Nc6 {[%clk 1:23:25]} 7. Re1 {[%clk 1:17:19]} O-O
{[%clk 1:23:09]} 8. e5 {[%clk 1:16:19]} dxe5 {[%clk 1:22:33]} 9. Nxe5
{[%clk 1:15:31]} Nxe5 {[%clk 1:22:52]} 10. Rxe5 {[%clk 1:14:54]} Qd6
{[%clk 1:22:11]} 11. Bf4 {[%clk 1:14:39]} Qb6 {[%clk 1:22:08]} 12. Nd2
{[%clk 1:12:53]} Bd6 {[%clk 1:22:13]} 13. Rb5 {[%clk 1:05:25]} Qc6
{[%clk 1:21:45]} 14. Bxd6 {[%clk 1:01:48]} Qxd6 {[%clk 1:21:47]} 15. Nf3
{[%clk 1:00:24]} a6 {[%clk 1:21:38]} 16. Re5 {[%clk 0:59:50]} b5 {[%clk 1:20:48]}
17. Bd3 {[%clk 0:53:22]} Bb7 {[%clk 1:20:16]} 18. Re1 {[%clk 0:51:59]} Rad8
{[%clk 1:20:07]} 19. a4 {[%clk 0:51:10]} Qb6 {[%clk 1:18:52]} 20. axb5
{[%clk 0:49:12]} axb5 {[%clk 1:18:39]} 21. Re5 {[%clk 0:48:19]} c5
{[%clk 1:18:04]} 22. b3 {[%clk 0:45:43]} b4 {[%clk 1:17:38]} 23. Nd2
{[%clk 0:43:36]} Qc6 {[%clk 1:15:49]} 24. Qf1 {[%clk 0:40:32]} Ra8
{[%clk 1:15:29]} 25. Rxa8 {[%clk 0:39:41]} Rxa8 {[%clk 1:15:52]} 26. Bb5
{[%clk 0:38:55]} Qc7 {[%clk 1:13:08]} 27. Nc4 {[%clk 0:35:43]} Bd5
{[%clk 1:11:57]} 28. Qe1 {[%clk 0:34:20]} h6 {[%clk 1:07:24]} 29. Nb2
{[%clk 0:31:36]} Ra2 {[%clk 1:03:58]} 30. Na4 {[%clk 0:31:34]} Qd6
{[%clk 0:56:04]} 31. Bd3 {[%clk 0:29:12]} Qc6 {[%clk 0:53:23]} 32. Qf1
{[%clk 0:22:41]} Kf8 {[%clk 0:52:12]} 33. Bb5 {[%clk 0:19:08]} Qd6
{[%clk 0:50:56]} 34. Qe1 {[%clk 0:18:01]} Ra1 {[%clk 0:49:37]} 35. Re8+
{[%clk 0:17:51]} Nxe8 {[%clk 0:49:54]} 36. Qxa1 {[%clk 0:18:14]} Qg6
{[%clk 0:49:33]} 37. f3 Qxc2 {[%clk 0:48:22]} 38. Nb6 {[%clk 0:16:21]} Qxb3
{[%clk 0:47:26]} 39. Qe1 {[%clk 0:15:11]} Qe3+ {[%clk 0:47:38]} 40. Qxe3
{[%clk 0:15:35]} dxe3 {[%clk 0:47:56]} 41. Nxd5 {[%clk 0:16:02]} Nd6
{[%clk 0:47:57]} 42. Ba4 {[%clk 0:15:27]} Nf5 {[%clk 0:46:22]} 43. Kf1
{[%clk 0:14:59]} f6 {[%clk 0:46:23]} 44. Ke2 {[%clk 0:15:14]} Kf7
{[%clk 0:45:02]} 45. Nxe3 {[%clk 0:15:37]} Nxe3 {[%clk 0:45:13]} 46. Kxe3
{[%clk 0:16:02]} Ke6 {[%clk 0:45:22]} 47. Kd3 {[%clk 0:16:11]} g5
{[%clk 0:45:02]} 48. Kc4 {[%clk 0:16:24]} Kd6 {[%clk 0:45:07]} 49. Bc2
{[%clk 0:16:46]} Kc6 {[%clk 0:45:20]} 50. g3 {[%clk 0:17:00]} Kb6
{[%clk 0:45:16]} 51. Kd5 {[%clk 0:16:54]} Kb5 {[%clk 0:45:06]} 52. Bd3+
{[%clk 0:17:16]} Kb6 {[%clk 0:44:24]} 53. Bc4 {[%clk 0:17:35]} h5
{[%clk 0:44:03]} 54. h4 {[%clk 0:17:52]} Kc7 {[%clk 0:43:36]} 55. Kxc5
{[%clk 0:17:59]} Kd7 {[%clk 0:43:49]} 56. Kxb4 {[%clk 0:17:53]} Kd6
{[%clk 0:44:10]} 57. Bf7 {[%clk 0:18:08]} gxh4 {[%clk 0:43:51]} 58. gxh4
{[%clk 0:18:32]} f5 {[%clk 0:43:59]} 59. Bxh5 {[%clk 0:18:51]} Ke5
{[%clk 0:44:13]} 60. Bg6 {[%clk 0:17:57]} 1-0

[Event "Mistrovstvi Cech 2019 - U14"]
[Site "?"]
[Date "2019.10.27"]
[Round "2.14"]
[White "Kasik, Denis"]
[Black "Dolensky, Filip"]
[Result "0-1"]
[BlackElo "1609"]
[WhiteElo "1450"]
[LiveChessVersion "1.4.8"]

1. e4 c5 2. Nf3 a6 3. Nc3 b5 4. d4 cxd4 5. Nxd4 Bb7 6. Bd3 e6 7. Bd2 Nc6 8. Nxc6
dxc6 9. Qe2 Qc7 10. O-O c5 11. b3 Rc8 12. Qe3 Nf6 13. Kh1 Ng4 14. Qh3 Nf6 15. Qe3
Rd8 16. f4 c4 17. Be2 b4 18. Nb1 Nxe4 19. Bxc4 Bc5 20. Qe1 Bd4 21. c3 Nxd2 22.
Nxd2 Bxc3 23. Rd1 O-O 24. Qe2 Rxd2 25. Rxd2 Bxd2 26. Qxd2 Rd8 27. Qxb4 Qc6 28.
Rg1 Qxg2+ 29. Rxg2 Rd1+ 0-1

[Event "Mistrovstvi Cech 2019 - U14"]
[Site "Prichovice u Korenova"]
[Date "2019.10.27"]
[Round "2.15"]
[White "Juchelka, Marek"]
[Black "Pisar, Tomas"]
[Result "1-0"]
[WhiteElo "1604"]
[BlackElo "1355"]
[PlyCount "85"]
[EventDate "2019.10.26"]

1. e4 d5 2. exd5 Nf6 3. Nc3 Nxd5 4. Nxd5 Qxd5 5. d4 Nc6 6. Nf3 Bg4 7. c4 Qe4+
8. Be3 e6 9. a3 Bxf3 10. Qxf3 Qxf3 11. gxf3 Rd8 12. O-O-O g6 13. d5 exd5 14.
cxd5 Ne7 15. Bb5+ c6 16. dxc6 Rxd1+ 17. Rxd1 bxc6 18. Ba4 Bg7 19. Bc5 f5 20.
Re1 Bf6 21. Bxc6+ Kf7 22. Bb5 Rc8 23. Bc4+ Kf8 24. b4 a5 25. Kc2 axb4 26. axb4
Rc7 27. Kb3 Kg7 28. f4 Nc6 29. Rd1 Be7 30. Bxe7 Rxe7 31. Bb5 Nb8 32. Rd8 Rb7
33. Kc4 Rc7+ 34. Kd5 Rb7 35. Kc5 Kf7 36. f3 Ke6 37. Rd6+ Ke7 38. Rb6 Nd7+ 39.
Bxd7 Rxd7 40. b5 Kf7 41. Rd6 Ra7 42. b6 Ra2 43. b7 1-0

[Event "Mistrovstvi Cech 2019 - U14"]
[Site "Prichovice u Korenova"]
[Date "2019.10.27"]
[Round "2.16"]
[White "Pejrimovsky, Tadeas Rubel"]
[Black "Duriancik, Michal"]
[Result "0-1"]
[WhiteElo "1444"]
[BlackElo "1593"]
[PlyCount "60"]
[EventDate "2019.10.26"]

1. e4 c5 2. b4 cxb4 3. a3 d5 4. exd5 Qxd5 5. c4 Qe5+ 6. Be2 Qxa1 7. Qb3 Qe5 8.
Nf3 Qc7 9. O-O Nf6 10. Bb2 Nbd7 11. axb4 e6 12. Nc3 a6 13. Ra1 Be7 14. Nb5 Qb8
15. Nc3 O-O 16. d4 b6 17. Re1 Bb7 18. Ba3 a5 19. b5 Bxa3 20. Qxa3 Qc7 21. Qb2
Rac8 22. Qd2 Ne4 23. Nxe4 Bxe4 24. Rc1 Rfd8 25. Qe3 Bg6 26. Bd3 Bxd3 27. Qxd3
Ne5 28. Nxe5 Qxe5 29. dxe5 Rxd3 30. h3 Rd4 0-1

[Event "Mistrovstvi Cech mladeze v sachu 2019 -"]

[Site "Mistrovstvi Cech 2019 - U14"]
[Date "2019.10.27"]
[Round "2.17"]
[White "Prochazka, Vojtech"]
[Black "Bezdek, Tomas"]
[Result "1-0"]
[WhiteElo "1763"]
[BlackElo "1104"]
[PlyCount "133"]
[EventDate "2019.10.26"]

1. e4 d5 2. exd5 Qxd5 3. Nc3 Qa5 4. d4 Nf6 5. Bd2 c6 6. Bc4 Bf5 7. Nf3 e6 8.
O-O Qc7 9. Re1 Bd6 10. Bb3 Nbd7 11. h3 O-O-O 12. Ng5 Nb6 13. Kh1 h6 14. Nge4
Nxe4 15. Nxe4 Bf4 16. c3 Nd5 17. Bc2 Bxd2 18. Nxd2 Bxc2 19. Qxc2 Qf4 20. Nf3
Rhf8 21. a4 g5 22. b4 h5 23. b5 g4 24. Ne5 gxh3 25. g3 Qg5 26. bxc6 h4 27.
cxb7+ Kxb7 28. Nf3 Qg4 29. Nxh4 Rh8 30. Re4 Qg5 31. Qd3 Qf6 32. Ra2 Rc8 33. c4
Nb4 34. Rb2 a5 35. Rf4 Qg5 36. Qf3+ Kb8 37. Qc3 Qe7 38. c5 Qb7+ 39. Qf3 Qxf3+
40. Nxf3 f5 41. Rh4 Rxh4 42. Nxh4 Rd8 43. Nf3 Kc7 44. Kh2 Kc6 45. Kxh3 Kd5 46.
Re2 Re8 47. g4 fxg4+ 48. Kxg4 Nc6 49. Rd2 Ke4 50. Ng5+ Kd5 51. Nf3 Ke4 52. Re2+
Kd3 53. Re3+ Kc4 54. Re4 Kd3 55. Re3+ Kc4 56. Ne5+ Nxe5+ 57. Rxe5 Kxd4 58. f4
Re7 59. c6 Kc4 60. Rxa5 Kb4 61. Ra6 Rc7 62. Kf3 Kc5 63. Ke4 Kd6 64. a5 Re7 65.
Kd4 e5+ 66. fxe5+ Rxe5 67. c7+ 1-0


[Site "Mistrovstvi Cech 2019 - U14"]
[Date "2019.10.27"]
[Round "2.18"]
[White "Rezek, Filip"]
[Black "Vaclavik, Jan"]
[Result "1/2-1/2"]
[WhiteElo "1368"]
[BlackElo "1797"]
[PlyCount "33"]
[EventDate "2019.10.26"]

1. d4 d5 2. c4 c5 3. e3 e6 4. Nf3 Nf6 5. cxd5 exd5 6. Nc3 Nc6 7. Be2 Be7 8. O-O
O-O 9. b3 Re8 10. Bb2 h6 11. h3 Be6 12. Rc1 b6 13. Na4 Nd7 14. Bb5 Rc8 15. dxc5
bxc5 16. Bxc6 Rxc6 17. b4 1/2-1/2

[Event "Mistrovstvi Cech mladeze v sachu 2019 -"]

[Site "Mistrovstvi Cech 2019 - U14"]
[Date "2019.10.27"]
[Round "2.19"]
[White "Jirasek, Oskar"]
[Black "Papousek, Michal"]
[Result "0-1"]
[WhiteElo "1198"]
[BlackElo "1717"]
[PlyCount "26"]
[EventDate "2019.10.26"]

1. e4 c5 2. Nf3 e6 3. c3 d5 4. exd5 Qxd5 5. d4 Nf6 6. Qa4+ Bd7 7. Bb5 Nc6 8.
Be3 a6 9. Bc4 Qe4 10. O-O Nxd4 11. Nbd2 Nxf3+ 12. gxf3 Qg6+ 13. Kh1 Bxa4 0-1

[Event "Mistrovstvi Cech 2019 - U16"]
[Site "?"]
[Date "2019.10.27"]
[Round "2.1"]
[White "Habenicht, Martin"]
[Black "Rokos, Filip"]
[Result "1-0"]
[BlackElo "2065"]
[WhiteElo "1839"]
[LiveChessVersion "1.4.8"]

1. d4 {[%clk 1:30:58]} e6 {[%clk 1:30:52]} 2. g3 {[%clk 1:31:18]} Nf6
{[%clk 1:30:51]} 3. Bg2 {[%clk 1:31:39]} d5 {[%clk 1:30:58]} 4. Nf3
{[%clk 1:31:57]} Be7 {[%clk 1:31:19]} 5. O-O {[%clk 1:32:14]} O-O
{[%clk 1:30:58]} 6. c4 {[%clk 1:28:57]} b6 {[%clk 1:30:37]} 7. cxd5
{[%clk 1:28:47]} exd5 {[%clk 1:30:48]} 8. Nc3 {[%clk 1:28:47]} Bb7
{[%clk 1:30:41]} 9. Bf4 {[%clk 1:28:05]} Na6 {[%clk 1:26:41]} 10. Rc1
{[%clk 1:24:43]} c5 {[%clk 1:24:19]} 11. dxc5 {[%clk 1:21:48]} bxc5
{[%clk 1:15:42]} 12. Qb3 {[%clk 1:21:10]} Qb6 {[%clk 1:13:21]} 13. Nh4
{[%clk 1:12:21]} Qxb3 {[%clk 1:05:44]} 14. axb3 {[%clk 1:12:50]} g6
{[%clk 0:59:56]} 15. Rfd1 {[%clk 1:12:11]} Rfd8 {[%clk 0:59:22]} 16. Bg5
{[%clk 1:06:13]} Rac8 {[%clk 0:48:33]} 17. Bxf6 {[%clk 0:58:01]} Bxf6
{[%clk 0:48:58]} 18. Nxd5 {[%clk 0:58:26]} Bxd5 {[%clk 0:48:00]} 19. Bxd5
{[%clk 0:58:22]} Nb4 {[%clk 0:47:02]} 20. Bc4 {[%clk 0:55:06]} Bxb2
{[%clk 0:45:22]} 21. Rb1 {[%clk 0:53:58]} Bf6 {[%clk 0:44:16]} 22. Nf3
{[%clk 0:51:03]} Na2 {[%clk 0:42:21]} 23. Kg2 {[%clk 0:50:10]} Kg7
{[%clk 0:36:05]} 24. e4 {[%clk 0:47:45]} Bd4 {[%clk 0:16:12]} 25. Nxd4
{[%clk 0:46:35]} cxd4 {[%clk 0:16:36]} 26. Ra1 {[%clk 0:46:12]} Nc3
{[%clk 0:16:47]} 27. Rd3 {[%clk 0:45:29]} Ra8 {[%clk 0:16:20]} 28. Ra5
{[%clk 0:42:01]} Rd7 {[%clk 0:11:06]} 29. Bd5 {[%clk 0:32:56]} Nxd5
{[%clk 0:11:28]} 30. Rxd5 {[%clk 0:33:25]} Rxd5 {[%clk 0:10:22]} 31. exd5
{[%clk 0:33:53]} Rb8 {[%clk 0:10:18]} 32. f4 {[%clk 0:18:49]} Rb4
{[%clk 0:09:32]} 33. g4 {[%clk 0:16:33]} f5 {[%clk 0:07:03]} 34. gxf5
{[%clk 0:16:40]} gxf5 {[%clk 0:07:21]} 35. Kg3 {[%clk 0:16:28]} Rb5
{[%clk 0:05:43]} 36. Rxd4 {[%clk 0:16:35]} Rxb3+ {[%clk 0:06:10]} 37. Kh4
{[%clk 0:15:00]} Kf6 {[%clk 0:06:14]} 38. Ra4 {[%clk 0:14:59]} Rb7
{[%clk 0:05:44]} 39. Ra6+ {[%clk 0:15:16]} Kg7 {[%clk 0:05:27]} 40. Kg5
{[%clk 0:15:14]} Rf7 {[%clk 0:05:51]} 41. h4 {[%clk 0:13:53]} Kg8
{[%clk 0:03:42]} 42. h5 {[%clk 0:14:08]} Rd7 {[%clk 0:03:14]} 43. h6
{[%clk 0:13:50]} Rxd5 {[%clk 0:03:03]} 44. Rxa7 {[%clk 0:14:12]} Rd6
{[%clk 0:03:24]} 45. Rg7+ {[%clk 0:13:39]} Kh8 {[%clk 0:03:50]} 46. Rf7
{[%clk 0:13:46]} Rg6+ {[%clk 0:03:32]} 47. Kh5 {[%clk 0:12:55]} Kg8
{[%clk 0:03:57]} 48. Rxf5 {[%clk 0:13:18]} Ra6 {[%clk 0:03:52]} 49. Rg5+
{[%clk 0:12:51]} Kh8 {[%clk 0:04:19]} 50. Rb5 {[%clk 0:11:38]} Kg8
{[%clk 0:04:38]} 51. Rb7 {[%clk 0:11:10]} Ra5+ {[%clk 0:04:37]} 52. Kg4
{[%clk 0:11:26]} Ra6 {[%clk 0:04:15]} 53. Kg5 {[%clk 0:10:53]} Ra5+
{[%clk 0:03:47]} 54. f5 {[%clk 0:11:04]} Ra6 {[%clk 0:03:40]} 55. Rb8+
{[%clk 0:10:55]} Kf7 {[%clk 0:03:41]} 56. Rh8 {[%clk 0:11:03]} Rb6
{[%clk 0:03:37]} 57. Rxh7+ {[%clk 0:11:26]} Kg8 {[%clk 0:04:05]} 58. Ra7
{[%clk 0:10:59]} Rc6 {[%clk 0:03:57]} 59. Rg7+ {[%clk 0:10:56]} Kh8
{[%clk 0:04:22]} 60. Re7 {[%clk 0:08:59]} Ra6 {[%clk 0:03:27]} 61. Re6
{[%clk 0:08:40]} Ra1 {[%clk 0:03:30]} 62. Kg6 {[%clk 0:05:32]} Rg1+
{[%clk 0:03:30]} 63. Kf7 {[%clk 0:04:58]} Kh7 {[%clk 0:03:51]} 64. Ke7
{[%clk 0:05:00]} Rf1 {[%clk 0:03:47]} 65. f6 {[%clk 0:05:07]} Kxh6
{[%clk 0:03:31]} 66. Re2 {[%clk 0:04:37]} Ra1 {[%clk 0:03:30]} 67. f7
{[%clk 0:04:16]} Ra7+ {[%clk 0:03:48]} 68. Kf8 {[%clk 0:04:43]} 1-0

[Event "Mistrovstvi Cech 2019 - U16"]
[Site "?"]
[Date "2019.10.27"]
[Round "2.2"]
[White "Husa, Daniel"]
[Black "Jirousek, Jan"]
[Result "1/2-1/2"]
[BlackElo "2034"]
[WhiteElo "1832"]
[LiveChessVersion "1.4.8"]

1. d4 {[%clk 1:30:58]} Nf6 {[%clk 1:30:48]} 2. c4 {[%clk 1:31:22]} c5
{[%clk 1:31:11]} 3. d5 {[%clk 1:31:47]} b5 {[%clk 1:31:34]} 4. cxb5
{[%clk 1:32:12]} a6 {[%clk 1:31:50]} 5. bxa6 {[%clk 1:32:38]} g6 {[%clk 1:31:57]}
6. Nc3 {[%clk 1:33:04]} Bg7 {[%clk 1:32:11]} 7. g3 {[%clk 1:33:14]} O-O
{[%clk 1:31:40]} 8. Bg2 {[%clk 1:33:19]} d6 {[%clk 1:31:24]} 9. Nf3
{[%clk 1:33:38]} Nbd7 {[%clk 1:31:19]} 10. O-O {[%clk 1:33:23]} Nb6
{[%clk 1:31:27]} 11. e4 {[%clk 1:23:24]} Bxa6 {[%clk 1:30:12]} 12. Re1
{[%clk 1:23:13]} Qc7 {[%clk 1:26:11]} 13. Rb1 {[%clk 1:19:56]} Rfb8
{[%clk 1:24:01]} 14. Qc2 {[%clk 1:15:59]} Ng4 {[%clk 1:09:25]} 15. h3
{[%clk 1:10:58]} Ne5 {[%clk 1:08:46]} 16. Nxe5 {[%clk 1:10:49]} Bxe5
{[%clk 1:08:43]} 17. b3 {[%clk 1:09:18]} c4 {[%clk 1:00:30]} 18. b4
{[%clk 1:03:22]} Nd7 {[%clk 0:58:57]} 19. Bd2 {[%clk 0:53:16]} Bg7
{[%clk 0:55:29]} 20. f4 {[%clk 0:44:00]} Rxb4 {[%clk 0:49:29]} 21. Rxb4
{[%clk 0:34:26]} Qc5+ {[%clk 0:49:48]} 22. Kh2 {[%clk 0:30:37]} Qxb4
{[%clk 0:50:00]} 23. Rb1 {[%clk 0:30:11]} Qc5 {[%clk 0:49:31]} 24. Na4
{[%clk 0:20:06]} Qf2 {[%clk 0:44:50]} 25. Qc1 {[%clk 0:14:10]} Qa7
{[%clk 0:38:08]} 26. Bc3 {[%clk 0:11:39]} Bxc3 {[%clk 0:32:29]} 27. Qxc3
{[%clk 0:09:02]} Rb8 {[%clk 0:26:22]} 28. Rb4 {[%clk 0:06:29]} Rxb4
{[%clk 0:20:14]} 29. Qxb4 {[%clk 0:06:50]} Nc5 {[%clk 0:19:25]} 30. Nxc5
{[%clk 0:06:07]} Qxc5 {[%clk 0:18:32]} 31. Qc3 {[%clk 0:04:19]} Qb5
{[%clk 0:14:20]} 32. Bf1 {[%clk 0:02:50]} Qa4 {[%clk 0:13:03]} 33. a3
{[%clk 0:03:03]} Qb5 {[%clk 0:12:09]} 34. Kg2 {[%clk 0:02:40]} Qc5
{[%clk 0:09:44]} 1/2-1/2

[Event "Mistrovstvi Cech 2019 - U16"]
[Site "?"]
[Date "2019.10.27"]
[Round "2.3"]
[White "Skypala, Ondrej"]
[Black "Janouch, Jachym Stepan"]
[Result "1-0"]
[BlackElo "1819"]
[WhiteElo "2016"]
[LiveChessVersion "1.4.8"]

1. c4 {[%clk 1:30:58]} Nf6 {[%clk 1:30:48]} 2. Nf3 {[%clk 1:30:49]} e6
{[%clk 1:30:40]} 3. b3 {[%clk 1:30:54]} d5 {[%clk 1:29:25]} 4. Bb2
{[%clk 1:31:19]} Be7 {[%clk 1:29:23]} 5. e3 {[%clk 1:31:40]} O-O {[%clk 1:28:21]}
6. Nc3 {[%clk 1:32:00]} c5 {[%clk 1:27:47]} 7. cxd5 {[%clk 1:31:58]} Nxd5
{[%clk 1:26:40]} 8. Nxd5 {[%clk 1:30:35]} exd5 {[%clk 1:23:49]} 9. d4
{[%clk 1:26:47]} b6 {[%clk 1:21:50]} 10. Be2 {[%clk 1:26:41]} Bb7
{[%clk 1:21:00]} 11. O-O {[%clk 1:27:03]} Nd7 {[%clk 1:21:24]} 12. Rc1
{[%clk 1:25:21]} Rc8 {[%clk 1:21:17]} 13. Qd3 {[%clk 1:20:53]} Bf6
{[%clk 1:18:11]} 14. Rfd1 {[%clk 1:20:09]} Qe7 {[%clk 1:17:02]} 15. Qb1
{[%clk 1:19:24]} Rfd8 {[%clk 1:15:45]} 16. h3 {[%clk 1:14:14]} g6
{[%clk 1:12:48]} 17. Nh2 {[%clk 1:08:10]} Nf8 {[%clk 1:11:11]} 18. dxc5
{[%clk 1:07:45]} bxc5 {[%clk 1:09:46]} 19. Bg4 {[%clk 1:00:38]} Ne6
{[%clk 1:08:00]} 20. Bxe6 {[%clk 1:01:01]} fxe6 {[%clk 1:06:52]} 21. Ng4
{[%clk 1:00:34]} e5 {[%clk 0:59:24]} 22. f4 {[%clk 0:54:20]} d4 {[%clk 0:58:37]}
23. exd4 {[%clk 0:47:47]} exd4 {[%clk 0:51:32]} 24. Re1 {[%clk 0:48:02]} Qf7
{[%clk 0:51:12]} 25. Nh6+ {[%clk 0:48:24]} 1-0

[Event "Mistrovstvi Cech 2019 - U16"]
[Site "?"]
[Date "2019.10.27"]
[Round "2.4"]
[White "Ruzicka, Filip"]
[Black "Krizek, Krystof"]
[Result "1/2-1/2"]
[BlackElo "1980"]
[WhiteElo "1792"]
[LiveChessVersion "1.4.8"]

1. Nf3 Nf6 {[%clk 1:29:04]} 2. g3 {[%clk 1:31:13]} g6 {[%clk 1:28:48]} 3. b3
{[%clk 1:31:35]} Bg7 {[%clk 1:27:54]} 4. Bb2 {[%clk 1:31:32]} O-O
{[%clk 1:26:28]} 5. Bg2 {[%clk 1:30:11]} d6 {[%clk 1:21:17]} 6. d4
{[%clk 1:29:29]} Nbd7 {[%clk 1:08:28]} 7. O-O {[%clk 1:23:28]} c5
{[%clk 1:08:40]} 8. c4 {[%clk 1:23:08]} Rb8 {[%clk 1:07:45]} 9. Nc3
{[%clk 1:22:29]} a6 {[%clk 1:07:29]} 10. e3 {[%clk 1:19:10]} b5 {[%clk 1:02:24]}
11. dxc5 {[%clk 1:13:16]} Nxc5 {[%clk 1:00:19]} 12. cxb5 {[%clk 1:11:28]} axb5
{[%clk 0:52:37]} 13. Nd4 {[%clk 1:10:54]} Bd7 {[%clk 0:42:39]} 14. Nc6
{[%clk 0:58:28]} Bxc6 {[%clk 0:42:56]} 15. Bxc6 {[%clk 0:58:53]} Nfd7
{[%clk 0:28:37]} 16. Qe2 {[%clk 0:53:57]} b4 {[%clk 0:27:22]} 17. Ne4
{[%clk 0:53:02]} Bxb2 {[%clk 0:26:44]} 1/2-1/2

[Event "Mistrovstvi Cech 2019 - U16"]
[Site "?"]
[Date "2019.10.27"]
[Round "2.5"]
[White "Stastny, Jakub"]
[Black "Brozka, Karel"]
[Result "0-1"]
[BlackElo "1940"]
[WhiteElo "1789"]
[LiveChessVersion "1.4.8"]

1. d4 {[%clk 1:29:54]} Nf6 {[%clk 1:30:48]} 2. c4 {[%clk 1:30:10]} c5
{[%clk 1:30:58]} 3. d5 {[%clk 1:28:17]} b5 {[%clk 1:30:52]} 4. cxb5
{[%clk 1:28:43]} a6 {[%clk 1:31:12]} 5. bxa6 {[%clk 1:29:12]} Bxa6
{[%clk 1:31:24]} 6. Nc3 {[%clk 1:29:19]} d6 {[%clk 1:31:33]} 7. e4
{[%clk 1:28:49]} Bxf1 {[%clk 1:31:46]} 8. Kxf1 {[%clk 1:29:18]} g6
{[%clk 1:31:57]} 9. g3 {[%clk 1:26:00]} Bg7 {[%clk 1:32:10]} 10. Kg2
{[%clk 1:26:22]} Nbd7 {[%clk 1:30:11]} 11. Nf3 {[%clk 1:24:43]} O-O
{[%clk 1:29:36]} 12. Re1 {[%clk 1:21:50]} Ra6 {[%clk 1:27:04]} 13. Qc2
{[%clk 1:16:49]} Qa8 {[%clk 1:26:21]} 14. Bg5 {[%clk 1:09:34]} e6
{[%clk 1:19:18]} 15. Rad1 {[%clk 1:05:32]} Rb8 {[%clk 1:08:52]} 16. a3
{[%clk 0:56:09]} Rab6 {[%clk 1:06:14]} 17. Bc1 {[%clk 0:55:34]} Re8
{[%clk 0:49:06]} 18. Qd3 {[%clk 0:42:52]} Qb7 {[%clk 0:45:57]} 19. Kg1
{[%clk 0:37:02]} Ng4 {[%clk 0:44:34]} 20. Qc2 {[%clk 0:31:13]} Nge5
{[%clk 0:43:30]} 21. Nxe5 {[%clk 0:31:30]} Nxe5 {[%clk 0:43:51]} 22. f4
{[%clk 0:31:23]} Nf3+ {[%clk 0:43:56]} 23. Kg2 {[%clk 0:28:17]} Nxe1+
{[%clk 0:43:57]} 24. Rxe1 {[%clk 0:28:45]} Bxc3 {[%clk 0:36:17]} 25. Qxc3
{[%clk 0:24:06]} exd5 {[%clk 0:36:31]} 26. f5 {[%clk 0:22:52]} Rb3
{[%clk 0:33:17]} 27. Qf6 {[%clk 0:22:21]} Qe7 {[%clk 0:33:37]} 0-1

[Event "Mistrovstvi Cech 2019 - U16"]
[Site "?"]
[Date "2019.10.27"]
[Round "2.6"]
[White "Hosnedl, Matyas"]
[Black "Flajsman, Petr"]
[Result "1-0"]
[BlackElo "1761"]
[WhiteElo "1930"]
[LiveChessVersion "1.4.8"]

1. e4 {[%clk 1:30:55]} c5 {[%clk 1:27:46]} 2. Nf3 {[%clk 1:30:57]} e6
{[%clk 1:27:23]} 3. d4 {[%clk 1:29:12]} cxd4 {[%clk 1:26:48]} 4. Nxd4
{[%clk 1:29:32]} Nf6 {[%clk 1:26:45]} 5. Bd3 {[%clk 1:28:22]} Nc6
{[%clk 1:26:24]} 6. Nxc6 {[%clk 1:25:14]} dxc6 {[%clk 1:25:25]} 7. O-O
{[%clk 1:25:12]} e5 {[%clk 1:25:07]} 8. Bg5 {[%clk 1:23:14]} Be6 {[%clk 1:23:42]}
9. Nd2 {[%clk 1:22:49]} h6 {[%clk 1:22:44]} 10. Bxf6 {[%clk 1:21:03]} Qxf6
{[%clk 1:22:15]} 11. Bc4 {[%clk 1:20:19]} O-O-O {[%clk 1:20:51]} 12. Qe2
{[%clk 1:19:38]} Bc5 {[%clk 1:18:36]} 13. Nb3 {[%clk 1:18:24]} Bb6
{[%clk 1:18:37]} 14. a4 {[%clk 1:17:18]} a6 {[%clk 1:14:41]} 15. a5
{[%clk 1:08:00]} Ba7 {[%clk 1:15:02]} 16. Ra4 {[%clk 1:07:30]} Bxc4
{[%clk 1:12:11]} 17. Qxc4 {[%clk 1:01:26]} Rd7 {[%clk 1:10:46]} 18. Nc1
{[%clk 0:48:17]} Rhd8 {[%clk 1:07:40]} 19. Nd3 {[%clk 0:48:10]} Rd4
{[%clk 0:54:46]} 20. Qb3 {[%clk 0:47:17]} Qe7 {[%clk 0:53:59]} 21. Re1
{[%clk 0:44:53]} h5 {[%clk 0:48:59]} 22. Qa3 {[%clk 0:40:12]} Qxa3
{[%clk 0:48:07]} 23. Rxa3 {[%clk 0:40:36]} f6 {[%clk 0:48:24]} 24. Raa1
{[%clk 0:38:37]} Kd7 {[%clk 0:46:05]} 25. Rad1 {[%clk 0:33:31]} Ke6
{[%clk 0:46:07]} 26. b3 {[%clk 0:33:50]} R8d7 {[%clk 0:44:00]} 27. Kf1
{[%clk 0:32:13]} g5 {[%clk 0:41:49]} 28. Nb2 {[%clk 0:29:41]} Rd2
{[%clk 0:40:41]} 29. Rxd2 {[%clk 0:29:48]} Rxd2 {[%clk 0:41:04]} 30. Re2
{[%clk 0:30:03]} Rd7 {[%clk 0:40:20]} 31. Nc4 {[%clk 0:27:26]} Bc5
{[%clk 0:37:43]} 32. Rd2 {[%clk 0:25:51]} Rxd2 {[%clk 0:36:45]} 33. Nxd2
{[%clk 0:26:07]} f5 {[%clk 0:37:00]} 34. f3 {[%clk 0:25:46]} f4 {[%clk 0:36:54]}
35. Nc4 {[%clk 0:25:13]} Bd4 {[%clk 0:36:31]} 36. Ke2 {[%clk 0:25:27]} Bc3
{[%clk 0:34:44]} 37. Kd3 {[%clk 0:24:47]} Bb4 {[%clk 0:34:19]} 38. c3
{[%clk 0:24:54]} Bc5 {[%clk 0:34:43]} 39. b4 {[%clk 0:23:53]} Ba7
{[%clk 0:34:33]} 40. Na3 {[%clk 0:22:05]} Kd6 {[%clk 0:34:33]} 41. c4
{[%clk 0:19:24]} Bb8 {[%clk 0:33:56]} 42. c5+ {[%clk 0:15:12]} Ke6
{[%clk 0:34:16]} 43. Nc4 {[%clk 0:15:38]} Bc7 {[%clk 0:34:37]} 44. Ke2
{[%clk 0:14:39]} Kf6 {[%clk 0:32:07]} 45. Kf2 {[%clk 0:14:57]} h4
{[%clk 0:30:20]} 46. g3 {[%clk 0:15:04]} h3 {[%clk 0:30:13]} 47. g4
{[%clk 0:15:14]} Ke6 {[%clk 0:29:42]} 48. Nb2 {[%clk 0:15:11]} Bd8
{[%clk 0:28:19]} 49. Nd3 {[%clk 0:15:33]} Be7 {[%clk 0:27:58]} 50. Kf1
{[%clk 0:15:56]} Bd8 {[%clk 0:28:09]} 51. Nf2 {[%clk 0:16:19]} Kf6
{[%clk 0:28:25]} 52. Nxh3 {[%clk 0:16:42]} Ke6 {[%clk 0:28:49]} 53. Nf2
{[%clk 0:17:07]} Be7 {[%clk 0:29:12]} 54. Nd3 {[%clk 0:17:32]} Bd8
{[%clk 0:29:28]} 55. Nb2 {[%clk 0:17:53]} Bf6 {[%clk 0:29:40]} 56. Kg2
{[%clk 0:17:41]} Bd8 {[%clk 0:30:03]} 57. Nc4 {[%clk 0:17:36]} Be7
{[%clk 0:30:27]} 58. h4 {[%clk 0:17:52]} gxh4 {[%clk 0:30:39]} 59. Kh3
{[%clk 0:18:02]} 1-0